Intermediate Accounting vol. 2 (Record no. 4469)

MARC details
000 -LEADER
fixed length control field 00660nam a22002057a 4500
003 - CONTROL NUMBER IDENTIFIER
control field OSt
005 - DATE AND TIME OF LATEST TRANSACTION
control field 20250909021436.0
008 - FIXED-LENGTH DATA ELEMENTS--GENERAL INFORMATION
fixed length control field 250909b |||||||| |||| 00| 0 eng d
020 ## - INTERNATIONAL STANDARD BOOK NUMBER
International Standard Book Number 978-621-416-108-9
040 ## - CATALOGING SOURCE
Original cataloging agency DWCL-Admin lib
Transcribing agency OC
082 ## - DEWEY DECIMAL CLASSIFICATION NUMBER
Edition number 2021 edition
Classification number Fil. 657.044 V174i 2021
100 ## - MAIN ENTRY--PERSONAL NAME
Personal name Valix, Conrado T.
245 ## - TITLE STATEMENT
Title Intermediate Accounting vol. 2
Statement of responsibility, etc. Conrado T. Valix
260 ## - PUBLICATION, DISTRIBUTION, ETC.
Place of publication, distribution, etc. Manila, Philippines :
Name of publisher, distributor, etc. GIC Enterprises & Co. Inc.,
Date of publication, distribution, etc. c2021.
300 ## - PHYSICAL DESCRIPTION
Extent vol 2, 917 pages :
Dimensions illustrations ; 22cm.
650 ## - SUBJECT ADDED ENTRY--TOPICAL TERM
Topical term or geographic name entry element Accounting
700 ## - ADDED ENTRY--PERSONAL NAME
Personal name Valix, Christain Aris M.
700 ## - ADDED ENTRY--PERSONAL NAME
Personal name Peralta, Jose F.
942 ## - ADDED ENTRY ELEMENTS (KOHA)
Source of classification or shelving scheme Dewey Decimal Classification
Koha item type Book-Filipiniana
Edition 2021 edition
Call number prefix Fil.
Suppress in OPAC No

No items available.